| 000 | 00416nam a22001457a 4500 | ||
|---|---|---|---|
| 003 | MACL | ||
| 005 | 20170625124207.0 | ||
| 008 | 170625b xxu||||| |||| 00| 0 eng d | ||
| 040 | _c MACL | ||
| 100 |
_aAhmad, Dr. Aijaz _967855 |
||
| 245 | _aUprising of 1857 : Some Facts about Failure of Indian War of Independence | ||
| 260 |
_aNew Delhi _bK.K. Publication _c2014 |
||
| 650 |
_aHistory _967856 |
||
| 942 |
_2ddc _cBK |
||
| 999 |
_c56656 _d56656 |
||